00680cam a22001932 4500001001100000005001700011008004100028020001700069040001500086100003200101245011400133250001300247260005000260300001800310650006000328650004800388650004700436852000300483000002406520151217145945.0130509s xx 000 0 eng d a0226041204 : aKABUcKABU1 aBecker, Gary S.@000018400110aHuman capital :ba theoretical and empirical analysis, with special reference to education /cGary S. Becker. a1st ed. aLondon :bUniversity of Chicago Press,c1993. axxii, 390 p. 0aEducationxEconomic aspectszUnited States.@0000183945 0aManpower policyzUnited States.@0000184004 0aHuman capital.zUnited States.@00001840051